000 00655nam a2200193 i 4500
001 37332
003 ES-MaACL
005 20230906155542.0
007 t|
008 030220s1959 sp ||||1| spa d
100 1 _aBuchhold, Th.
_932302
245 1 0 _aCentrales y redes eléctricas /
_cpor Th. Buchhold y H. Happoldt ; traducción por Francisco Planell y Carlos de Salas.
260 _aBarcelona :
_bLabor,
_c1959 (
_fTalls. Gráfs. Iberoamericanos)
300 _aXVI, 551 p. :
_bil. ;
_c23 cm.
700 1 _aHappoldt, H.
_961794
700 1 _aPlanell, Francisco.
_992544
700 1 _aSalas, Carlos de.
_9101725
852 _aES-MaACL
_jC-16545
_bR.44781
999 _c37332
_d37332